Catálogo público

Análisis del impacto ambiental del proceso artesanal de producción de mezcal / (Record no. 220329)

MARC details
000 -CABECERA
campo de control de longitud fija 04077nam a2200361 a 4500
003 - IDENTIFICADOR DEL NÚMERO DE CONTROL
campo de control CHAP
005 - FECHA Y HORA DE LA ÚLTIMA TRANSACCIÓN
campo de control 20250707104806.0
007 - CAMPO FIJO DE DESCRIPCIÓN FÍSICA--INFORMACIÓN GENERAL
campo de control de longitud fija ta
008 - DATOS DE LONGITUD FIJA--INFORMACIÓN GENERAL
campo de control de longitud fija 250112s2023 mx ado|fom||| 001 0 spa d
040 ## - FUENTE DE LA CATALOGACIÓN
Normas de descripción rda
041 ## - CÓDIGO DE LENGUA
Código de lengua del texto/banda sonora o título independiente spa
Código de lengua del sumario o resumen eng
100 1# - ENTRADA PRINCIPAL--NOMBRE DE PERSONA
Nombre de persona Manilla Tellez, Yesenia
9 (RLIN) 188099
240 10 - TÍTULO UNIFORME
Título uniforme Analysis of the environmental impact of the artisanal process of mezcal production.
Lenguaje de la obra Español
245 10 - MENCIÓN DE TÍTULO
Título Análisis del impacto ambiental del proceso artesanal de producción de mezcal /
Mención de responsabilidad, etc. Yesenia Manilla Tellez
264 ## - PRODUCCIÓN, PUBLICACIÓN, DISTRIBUCIÓN, FABRICACIÓN Y COPYRIGHT
Producción, publicación, distribución, fabricación y copyright Chapingo, México :
Nombre del de productor, editor, distribuidor, fabricante El autor,
Fecha de producción, publicación, distribución, fabricación o copyright 2023
300 ## - DESCRIPCIÓN FÍSICA
Extensión 1 recurso en línea (xiii, 53 páginas) :
Otras características físicas ilustraciones, tablas, gráficas, diagramas, fotografías
336 ## - TIPO DE CONTENIDO
Fuente rdacontent
Término de tipo de contenido texto
Código de tipo de contenido txt
337 ## - TIPO DE MEDIO
Fuente rdamedia
Nombre/término del tipo de medio computadora
Código del tipo de medio c
338 ## - TIPO DE SOPORTE
Fuente rdacarrier
Nombre/término del tipo de soporte recurso en línea
Código del tipo de soporte cr
502 ## - NOTA DE TESIS
Nota de tesis Tesis
Tipo de título (Maestro en Ciencia y Tecnología Agroalimentaria) --
Nombre de la institución que otorga el título Departamento de Ingeniería Agroindustrial,
Año de obtención del título 2023
Información miscelánea Maestría
504 ## - NOTA DE BIBLIOGRAFÍA, ETC.
Nota de bibliografía, etc. Incluye bibliografías
520 3# - SUMARIO, ETC.
Sumario, etc. Durante la producción artesanal de mezcal, se generan residuos que impactan al medio ambiente. Actualmente, este es un tema poco explorado en esta bebida. En estudios realizados en otras bebidas destiladas, se ha evaluado el impacto ambiental que generan durante su producción; empleado extensamente la herramienta Análisis del Ciclo de Vida. Bajo esta idea, se abordó como objetivo analizar la línea de producción artesanal de mezcal en cuatro escenarios, que resultaron de la combinación de especies de maguey procesadas y tipo de embotellado del producto final; mediante herramientas de ingeniería de diagnóstico y Análisis del Ciclo de Vida. Los datos se recopilaron en una fábrica artesanal para los balances de materia y energía. Estos balances fueron sujetos a la metodología línea base CML 2001, en sus 10 categorías de impacto ambiental más utilizadas para el Análisis del Ciclo de Vida. Los hallazgos indican que cada una de las etapas requeridas para el procesamiento del mezcal afecta significativamente el ecosistema marino. Las etapas de cocimiento, destilación y embotellado son las de mayor impacto ambiental. Los mezcales envasados en botellas de vidrio generan 2 veces más impacto que los mezcales envasados en botella de plástico PET de 1 litro. --
520 3# - SUMARIO, ETC.
Sumario, etc. During the artisanal production of mezcal, waste is generated, which impacts the environment. Currently, this is a topic that has been scarcely explored in relation to this beverage. Studies on other distilled beverages have assessed the environmental impact generated during their production, extensively utilizing the Life Cycle Assessment tool. With this notion in mind, the objective was to analyze the artisanal mezcal production line in four scenarios, resulting from the combination of processed agave species and the type of bottling for the final product, using diagnostic engineering tools and Life Cycle Assessment. Data was gathered at an artisanal factory for material and energy balances. These balances were analyzed using the CML 2001 baseline methodology, considering its 10 most commonly used environmental impact categories for Life Cycle Assessment. The findings indicate that each stage required for mezcal processing significantly affects the marine ecosystem. The cooking, distillation, and bottling stages have the highest environmental impact. Mezcals packaged in glass bottles generate twice as much impact as mezcals packaged in 1-liter PET plastic bottles.
650 13 - PUNTO DE ACCESO ADICIONAL DE MATERIA--TÉRMINO DE MATERIA
Término de materia o nombre geográfico como elemento de entrada Alcoholes etílicos
Fuente del encabezamiento o término atg
9 (RLIN) 163436
650 13 - PUNTO DE ACCESO ADICIONAL DE MATERIA--TÉRMINO DE MATERIA
Término de materia o nombre geográfico como elemento de entrada Mezcal artesanal
Fuente del encabezamiento o término atg
9 (RLIN) 130197
Subdivisión general Denominación de origen protegida
-- Evaluación de impacto ambiental
650 13 - PUNTO DE ACCESO ADICIONAL DE MATERIA--TÉRMINO DE MATERIA
Término de materia o nombre geográfico como elemento de entrada Distilled spirits
Fuente del encabezamiento o término atg
9 (RLIN) 148015
650 10 - PUNTO DE ACCESO ADICIONAL DE MATERIA--TÉRMINO DE MATERIA
Término de materia o nombre geográfico como elemento de entrada Artisan mezcal
Fuente del encabezamiento o término atg
9 (RLIN) 189108
Subdivisión general Protected designation of origin
-- Environmental assessment
700 1# - PUNTO DE ACCESO ADICIONAL--NOMBRE DE PERSONA
Nombre de persona Pérez López, Artemio
9 (RLIN) 149931
Término indicativo de función/relación director
700 1# - PUNTO DE ACCESO ADICIONAL--NOMBRE DE PERSONA
Nombre de persona Miranda Trujillo, Luis Carlos
9 (RLIN) 189830
Término indicativo de función/relación asesor
700 1# - PUNTO DE ACCESO ADICIONAL--NOMBRE DE PERSONA
Nombre de persona Espinosa Solares, Teodoro
9 (RLIN) 153069
Término indicativo de función/relación asesor
856 40 - LOCALIZACIÓN Y ACCESO ELECTRÓNICOS
Texto de enlace DESCARGAR PDF
Identificador Uniforme del Recurso http://10.13.5.2/tesis/tm/2112547-5_MANILLA_TELLEZ_YESENIA.pdf
942 ## - ELEMENTOS DE PUNTO DE ACCESO ADICIONAL (KOHA)
Fuente del sistema de clasificación o colocación Clasificación Universidad Autónoma Chapingo
Tipo de ítem Koha Tesis digital
Holdings
Estado de retiro Estado de pérdida Fuente del sistema de clasificación o colocación Estado dañado No para préstamo Código de colección Localización permanente Ubicación/localización actual Ubicación en estantería Fecha de adquisición Fuente de adquisición Total de préstamos Código de barras Fecha visto por última vez Precio válido a partir de Tipo de ítem Koha
    Clasificación Universidad Autónoma de Chapingo     Tesis digitales de Maestría Ingenieria Agroindustrial Ingenieria Agroindustrial En línea 16/01/2025 El autor   1201015140 16/01/2025 16/01/2025 Tesis digital